000 006910000a22001810004500
003 MACL
005 20160608150551.0
008 160608b xxu||||| |||| 00| 0 eng d
040 _aMACL
_cMACL
041 _aHindi
082 _a954
100 _aस्‍व पंडित रेउ,विश्‍वेश्‍वरनाथ
_963125
245 _aराष्‍ट्रकूटों का इतिहास
_cस्‍व पंडित विश्‍वेश्‍वरनाथ रेउ
260 _bराजस्‍थानी ग्रन्‍थागार
_c1994
_aजोधपुर
350 _a150
650 _aHistory
_963126
942 _cHIN
_k954
_2ddc
999 _c20569
_d20569